Vplyv vybraných faktorov na ochotu daňových subjektov platiť daň diplomová práca

Uložené v:
Podrobná bibliografia
Hlavný autor: Šišková, Veronika, 1992-
Korporativný autor: Národohospodárska fakulta EU. Katedra financií
Ďalší autori: Schultzová, Anna
Médium: Kniha
Jazyk:Slovak
Vydavateľské údaje: Bratislava 2019
Tagy: Pridať tag
Žiadne tagy, Buďte prvý, kto otaguje tento záznam!

MARC

LEADER 00000nbm a2200000 4500
001 0254850
005 20240627095626.4
041 0 |a slo 
044 |a SK 
245 1 0 |a Vplyv vybraných faktorov na ochotu daňových subjektov platiť daň  |b diplomová práca  |c Veronika Šišková ; školiteľ: Anna Schultzová 
264 1 |a Bratislava  |c 2019 
300 |a 95 s. 
100 1 |a Šišková, Veronika, 1992- 
700 1 |a Schultzová, Anna 
710 2 |a Národohospodárska fakulta EU. Katedra financií